00853nam a2200265Ia 450000500170000000800410001702000190005810000260007724500670010325000200017030000270019049000290021765000450024665000490029165000330034070000260037394200150039926400240041433600270043833700330046533800280049804000350052608400110056199900150057220220317001139.0160825s2007 sp g 000 0 spa  a978843485050121 aPennac, Danield1944-10aIncreíble Kamo!cDaniel Pennac ; traducido por Miguel Azaola a13a. edición  a127 páginas c19 cm  aEl barco de vapor projo142LEMBaNovela juvenil francesa ySiglo XX142LEMBaLiteratura juvenil francesa ySiglo XX142LEMBaAmor en la literatura 1 aAzaola, Miguel966795 2loccBKLIT aMadridbS. M.c2007 atextobtxt2rdacontent asin mediaciónbn2rdamedia avolumenbnc2rdacarrier aCO-BoRNBPbspaerdacCO-BoRNBP aN PEN1 c6070d6070